000 00358 a2200145 4500
001 158870
020 _a
040 _cMagnum
100 _aTia Regina
240 1 0 _aHistorias e lendas do brasil v.1/contos da amazonia
_lpor
245 1 0 _aHistorias e lendas do brasil v.1/contos da amazonia
362 0 _a1899
697 _aMAGNITO: COLECAO
942 _cBK
999 _c158870
_d158870